Christ and mission mandate for cities (Record no. 8327)
[ view plain ]
| 000 -LEADER | |
|---|---|
| fixed length control field | 00631 a2200205 4500 |
| 003 - CONTROL NUMBER IDENTIFIER | |
| control field | GBCCL |
| 005 - DATE AND TIME OF LATEST TRANSACTION | |
| control field | 20241126110648.0 |
| 008 - FIXED-LENGTH DATA ELEMENTS--GENERAL INFORMATION | |
| fixed length control field | 191128b ||||| |||| 00| 0 eng d |
| 020 ## - INTERNATIONAL STANDARD BOOK NUMBER | |
| International Standard Book Number | 9789386127846 |
| 040 ## - CATALOGING SOURCE | |
| Transcribing agency | GBC |
| 082 ## - DEWEY DECIMAL CLASSIFICATION NUMBER | |
| Classification number | 266.0091732 |
| Item number | MAN |
| 100 ## - MAIN ENTRY--PERSONAL NAME | |
| Personal name | Manokaran,J N |
| 9 (RLIN) | 14493 |
| 245 ## - TITLE STATEMENT | |
| Title | Christ and mission mandate for cities |
| 260 ## - PUBLICATION, DISTRIBUTION, ETC. | |
| Place of publication, distribution, etc. | Chennai, India : |
| Name of publisher, distributor, etc. | Word of Christ Ministries, |
| Date of publication, distribution, etc. | 2017 |
| 300 ## - PHYSICAL DESCRIPTION | |
| Extent | 230 pages ; |
| Other physical details | 22 cm |
| 650 ## - SUBJECT ADDED ENTRY--TOPICAL TERM | |
| Topical term or geographic name entry element | City churches. |
| 9 (RLIN) | 2402 |
| 650 ## - SUBJECT ADDED ENTRY--TOPICAL TERM | |
| Topical term or geographic name entry element | Cities and towns -- Religious aspects -- Christianity. |
| 9 (RLIN) | 14494 |
| 650 ## - SUBJECT ADDED ENTRY--TOPICAL TERM | |
| Topical term or geographic name entry element | Missions. Missions -- India. |
| 9 (RLIN) | 14495 |
| 942 ## - ADDED ENTRY ELEMENTS (KOHA) | |
| Source of classification or shelving scheme | Dewey Decimal Classification |
| Koha item type | Books |
| Koha issues (borrowed), all copies | 46 |
| Withdrawn status | Lost status | Source of classification or shelving scheme | Damaged status | Not for loan | Home library | Current Library | Shelving location | Date acquired | Source of acquisition | Cost, normal purchase price | Total checkouts | Full call number | Barcode | Date last seen | Date last checked out | Copy number | Cost, replacement price | Price effective from | Koha item type | Total renewals |
|---|---|---|---|---|---|---|---|---|---|---|---|---|---|---|---|---|---|---|---|---|
| Dewey Decimal Classification | GRACE BIBLE COLLEGE | GRACE BIBLE COLLEGE | Ministry & Mission | 2019-11-28 | 18 | 135.00 | 17 | 266.0091732 MAN | 013663 | 2026-03-27 | 2026-03-24 | c.1 | 150.00 | 2019-11-28 | Books | |||||
| Dewey Decimal Classification | GRACE BIBLE COLLEGE | GRACE BIBLE COLLEGE | Ministry & Mission | 2019-11-28 | 18 | 135.00 | 8 | 266.0091732 MAN | 013664 | 2026-02-02 | 2026-01-28 | c.2 | 150.00 | 2019-11-28 | Books | 1 | ||||
| Dewey Decimal Classification | GRACE BIBLE COLLEGE | GRACE BIBLE COLLEGE | Ministry & Mission | 2019-11-28 | 18 | 135.00 | 9 | 266.0091732 MAN | 013665 | 2026-01-14 | 2026-01-14 | c.3 | 150.00 | 2019-11-28 | Books | 6 | ||||
| Dewey Decimal Classification | GRACE BIBLE COLLEGE | GRACE BIBLE COLLEGE | Ministry & Mission | 2019-11-28 | 18 | 135.00 | 9 | 266.0091732 MAN | 013666 | 2026-02-17 | 2026-02-11 | c.4 | 150.00 | 2019-11-28 | Books | |||||
| Dewey Decimal Classification | GRACE BIBLE COLLEGE | GRACE BIBLE COLLEGE | Ministry & Mission | 2019-11-28 | 18 | 135.00 | 9 | 266.0091732 MAN | 013667 | 2026-03-27 | 2026-03-24 | c.5 | 150.00 | 2019-11-28 | Books | |||||
| Dewey Decimal Classification | GRACE BIBLE COLLEGE | GRACE BIBLE COLLEGE | Ministry & Mission | 2019-11-28 | 18 | 135.00 | 10 | 266.0091732 MAN | 013668 | 2026-03-27 | 2026-03-24 | c.6 | 150.00 | 2019-11-28 | Books | 1 | ||||
| Dewey Decimal Classification | GRACE BIBLE COLLEGE | GRACE BIBLE COLLEGE | Ministry & Mission | 2019-11-28 | 18 | 135.00 | 14 | 266.0091732 MAN | 013669 | 2026-04-08 | 2025-10-16 | c.7 | 150.00 | 2019-11-28 | Books | 7 | ||||
| Dewey Decimal Classification | GRACE BIBLE COLLEGE | GRACE BIBLE COLLEGE | Ministry & Mission | 2019-11-28 | 18 | 135.00 | 15 | 266.0091732 MAN | 013670 | 2026-01-19 | 2026-01-19 | c.8 | 150.00 | 2019-11-28 | Books | 3 |